Survey methods in social investigation

Bibliographic Details
Main Author: Moser, C.A
Other Authors: Kalton, G
Format: Book
Published: Hants : Gower Publishing , 1989
Subjects:

MARC

LEADER 00000cam a2200000 7i4500
001 0000001948
002 000002115
005 20000330.0
020 |a 0566050390 
090 0 0 |a 300.723   |b MOS 
100 1 |a Moser, C.A 
245 1 0 |a Survey methods in social investigation   |c C.A Moser and G Kalton 
260 |a Hants :   |b Gower Publishing ,   |c 1989 
300 |a 555p. ;   |c 22cm. 
650 0 0 |a Social surveys 
700 1 |a Kalton, G 
999 |a 028049   |b BUKU   |c PINJAMAN   |e PERPUSTAKAAN KOMUNITI PETALING JAYA